Kursus pengambilan tanah : Pengumpulan data ) : 5 - 8 Oktober 2020

Bibliographic Details
Corporate Authors: Kursus pengambilan tanah : Pengumpulan data, INSPEN ( Institut Penilaian Negara )
Format: Book
Language:Malay
Subjects:

MARC

LEADER 00000cam a2200000 7i4500
001 0000029805
005 20220222.0
008 220222 my a may
040 |a INS   |b eng   |c INS   |e rda 
090 0 0 |a LA71   |b 2020 
110 1 |a Kursus pengambilan tanah : Pengumpulan data ,   |d 2020 5 - 8 Oktober   |c INSPEN, Bangi 
245 0 0 |a Kursus pengambilan tanah : Pengumpulan data ) :   |b 5 - 8 Oktober 2020   |c Anjuran Pusat Pembangunan Profesional, INSPEN 
264 0 |a Bangi :   |b Institut Penilaian Negara   |c 2020 
300 |a 1 volume( Various pagings ) :   |b illustrations ;   |c 30 cm. 
336 |a text  |2 rdacontent 
337 |a unmediated  |2 rdamedia 
338 |a volume  |2 rdacarrier 
650 0 |a Land acquisition and compensation 
710 1 |a INSPEN ( Institut Penilaian Negara ) 
999 |a LA00000155   |b BOOK   |c Course Notes   |e Default branch